"Safe & Sound" by Taylor Swift Full Lyrics - Statistics

General Stats
  • This quiz has been taken 737 times
  • The average score is 131 of 167
Answer Stats
Answer % Correct
I
100%
i
100%
you
99%
and
98%
safe
98%
sound
98%
be
96%
your
95%
the
94%
on
93%
i'll
92%
go
91%
is
91%
can
90%
no
90%
alright
89%
down
89%
just
89%
when
89%
you'll
89%
close
88%
eyes
88%
now
88%
hurt
87%
one
87%
light
86%
sun
86%
remember
85%
remember
85%
said
85%
don't
84%
face
84%
let
84%
me
84%
morning
84%
never
84%
all
83%
going
83%
tears
83%
to
83%
come
79%
leave
79%
here
78%
alone
77%
streaming
77%
gone
74%
fire
73%
out
72%
darling
71%
everything's
70%
look
70%
window
70%
this
68%
dare
67%
tonight
66%
almost
64%
but
64%
killed
64%
shadows
64%
those
64%
hold
63%
that's
63%
even
61%
lullaby
61%
outside
60%
war
60%
dead
59%
music's
59%
keeps
58%
our
58%
raging
58%
door
55%
ooh
52%
passed
49%
la
13%
No matching quizzes found
Score Distribution
Percent of People with Each Score
Percentile by Number Answered
Your Score History
You have not taken this quiz